Kpop Idols With the Same Name - Statistics

General Stats
  • This quiz has been taken 91 times
  • The average score is 9 of 15
Answer Stats
Hint Answer % Correct
Le Sserafim, TripleS Chaewon
92%
Stray Kids, Loossemble Hyunjin
90%
BTS, AOA Jimin
90%
TXT, WJSN Soobin
85%
IVE, Zerobaseone Yujin
80%
Nmixx, Kard Jiwoo
75%
Kiss Of Life, Cignature Belle
71%
Twice, TripleS Dahyun
65%
Boynextdoor, NCT Jaehyun
63%
Seventeen, A.C.E. Jun
49%
Tempest, Evnne Hanbin
43%
Treasure, TWS Jihoon
42%
Zerobaseone, Tempest Taerae
29%
Vixx, 1verse Hyuk
20%
Wooah, Unis Nana
20%
No matching quizzes found
Score Distribution
Percent of People with Each Score
Percentile by Number Answered
Your Score History
You have not taken this quiz